000 00944nam0a22002771 4500
001 rc\159343
005 20260406063011.0
010 _a5-88590-290-9
_930000
035 _a(NLR Aleph) 005425264
090 _a7519053
_c7519053
100 _a20030307d1995 |||y0rusy50 ca
101 0 _arus
102 _aRU
105 _aa |||||||||
200 1 _aМикроволновая кухня
_e[Сборник
_fСоставитель Л.В. Иванова]
210 _aСмоленск
_cФирма "Русич"
_d1995
215 _a555, [3] с., [4] л. ил.
_cил.
_d21
225 1 _aАзбука быта
320 _aБиблиогр.: с. 556 (17 назв.)
702 1 _4220
_8rus
_7ca
_aИванова
_bЛ. В.
_cпопуляризатор
_gЛимия Васильевна
_3RU\NLR\AUTH\7713124
_9122825
801 0 _aRU
_bNLR
_gpsbo
801 1 _aRU
_bELAR
_2rusmarc
852 _aNLR
_j96-3/437
942 _cBOOK
980 _aNB